Cuadernos de Derecho Penal

Detalles Bibliográficos
Autor Corporativo: Universidad Sergio Arboleda
Formato: eBook
Lenguaje:español
Publicado: Colombia Universidad Sergio Arboleda 2014
Materias:
Acceso en línea:Acceso restringido

MARC

LEADER 00000nam a22000007a 4500
005 20160118132912.0
007 cr|z|| ||u|
008 160118s20139999ck u||pos|||| 0||| 1spa d
022 |a 2027-1743  
035 |a 13033 
040 |a vLex  
090 |c 5806  |d 5806 
245 1 0 |a Cuadernos de Derecho Penal  |h [Recurso electrn̤ico] /  |c Universidad Sergio Arboleda  
256 |a Servicio en ln̕ea  
260 |a Colombia   |b Universidad Sergio Arboleda   |c 2014 
300 |a 1 recurso electrn̤ico  
310 |a Desconocida 
506 1 |a Contenido solo disponible en los productos indicados  |d vLex Global  |d vLex Global (Academic Edition, excluding Law Schools)  |d vLex Global (U.S. Academic Edition, Law Schools)  |d vLex Global (U.S. Academic Edition, excluding Law Schools)  |d vLex Global (Academic Edition, Law Schools) 
650 0 4 |a Derecho  |z Colombia  
710 |a Universidad Sergio Arboleda  
740 0 |a vLex revistas (servicio en ln̕ea)  
856 4 0 |u http://vlex.com/source/cuadernos-derecho-penal-13033  |z Acceso restringido  
942 |c REV 
999 0 |a Law